LIBRARY & INFORMATION CENTRE, KCAET, TAVANUR

ONLINE PUBLIC ACCESS CATALOGUE (OPAC)

Engineering for dairy and food products / (Record no. 8754)

MARC details
000 -LEADER
fixed length control field 00419cam a2200157ua 4500
041 ## - LANGUAGE CODE
Language code of text/sound track or separate title eng
082 ## - DEWEY DECIMAL CLASSIFICATION NUMBER
Classification number 637.14
Item number far/en
100 ## - MAIN ENTRY--AUTHOR NAME
Personal name Farrah, Arthur W .
245 ## - TITLE STATEMENT
Title Engineering for dairy and food products /
250 ## - EDITION STATEMENT
Edition statement 2 /
260 ## - PUBLICATION, DISTRIBUTION, ETC. (IMPRINT)
Place of publication Newyork :
Name of publisher Robert E krieger publishing co. ,
Year of publication 1980.
300 ## - PHYSICAL DESCRIPTION
Number of Pages 700 ; .
942 ## - ADDED ENTRY ELEMENTS (KOHA)
Koha item type Books
Holdings
Withdrawn status Lost status Damaged status Home library Current library Date acquired Full call number Accession Number Koha item type
      KAUAET KAUAET 27/03/1987 637.14 16199 Books
free website counter